Marc Renneville, Crime et folie, Deux siècles d’enquêtes médicales et judiciaires. Fayard, 2003, 526 pages, 25 € (notice n° 1619148)
[ vue normale ]
| 000 -LEADER | |
|---|---|
| fixed length control field | 00825cam a2200157 4500500 |
| 005 - DATE AND TIME OF LATEST TRANSACTION | |
| control field | 20260111090541.0 |
| 041 ## - LANGUAGE CODE | |
| Language code of text/sound track or separate title | fre |
| 042 ## - AUTHENTICATION CODE | |
| Authentication code | dc |
| 100 10 - MAIN ENTRY--PERSONAL NAME | |
| Personal name | Kramer, Pierre |
| Relator term | author |
| 245 00 - TITLE STATEMENT | |
| Title | Marc Renneville, Crime et folie, Deux siècles d’enquêtes médicales et judiciaires. Fayard, 2003, 526 pages, 25 € |
| 260 ## - PUBLICATION, DISTRIBUTION, ETC. | |
| Date of publication, distribution, etc. | 2003.<br/> |
| 500 ## - GENERAL NOTE | |
| General note | 70 |
| 520 ## - SUMMARY, ETC. | |
| Summary, etc. | RésuméQue ce soit en Amérique du Sud, en Europe, en Asie ou aux Etats-Unis, la Performance aura durablement marqué la création artistique depuis sa naissance dans l’Amérique des années 50. L’interdisciplinarité et la participation du public en sont l’une des constantes. |
| 786 0# - DATA SOURCE ENTRY | |
| Note | Études | 398 | 6 | 2003-06-01 | p. 846s-863s | 0014-1941 |
| 856 41 - ELECTRONIC LOCATION AND ACCESS | |
| Uniform Resource Identifier | <a href="https://shs.cairn.info/revue-etudes-2003-6-page-846s?lang=fr&redirect-ssocas=7080">https://shs.cairn.info/revue-etudes-2003-6-page-846s?lang=fr&redirect-ssocas=7080</a> |
Pas d'exemplaire disponible.




Réseaux sociaux